Web Programming in DeskTop Refrence 6-in1 (Record no. 1084547)

MARC details
000 -LEADER
fixed length control field 00323nam a2200121Ia 4500
008 - FIXED-LENGTH DATA ELEMENTS--GENERAL INFORMATION
fixed length control field 231228s1998 xx 000 0 und d
041 ## - LANGUAGE CODE
Language code of text/sound track or separate title eng
082 ## - DEWEY DECIMAL CLASSIFICATION NUMBER
Item number AFF
100 ## - MAIN ENTRY--PERSONAL NAME
Personal name AFFERGAN (M) / DARNELL (R)
245 ## - TITLE STATEMENT
Title Web Programming in DeskTop Refrence 6-in1
260 ## - PUBLICATION, DISTRIBUTION, ETC.
Place of publication, distribution, etc. New Delhi
Name of publisher, distributor, etc. P.H.I.(3E) E
Date of publication, distribution, etc. 1998
300 ## - PHYSICAL DESCRIPTION
Extent XI,1084

No items available.